| 000 | 00689nam a22001577a 4500 | ||
|---|---|---|---|
| 003 | OSt | ||
| 005 | 20151218152228.0 | ||
| 008 | 151216b xxu||||| |||| 00| 0 eng d | ||
| 040 | _cRUA | ||
| 082 | _aAED POK 2007 B224 Or.1 | ||
| 100 |
_94974 _aPOK, BORIN. |
||
| 245 | _aThe study on rural livelihood of farmers in tany commune, angkorchey district, kampong province, ការសិក្សាទៅលើកំរិតជីវភាពរស់នៅរបស់គ្រួសារកសិករនៅឃុំតានី ស្រុកអង្គរជ័យ ខេត្តកំពត | ||
| 260 |
_aPhnom Penh _bRUA _c2007 |
||
| 300 |
_aix, 44p. _bill. _c29cm. |
||
| 942 |
_2ddc _cAED |
||
| 999 |
_c4623 _d4623 |
||